LIBRARY ONLINE CATALOGUE

DNA Marker-assisted improvement of the staple crops of Sub-Saharan Africa / (Record no. 13679)

MARC details
000 -LEADER
fixed length control field 00670nam a22002052 4500
001 - CONTROL NUMBER
control field 0000018799
005 - DATE AND TIME OF LATEST TRANSACTION
control field 20151217155859.0
008 - FIXED-LENGTH DATA ELEMENTS--GENERAL INFORMATION
fixed length control field 100704s xx 000 0 eng d
020 ## - INTERNATIONAL STANDARD BOOK NUMBER
International Standard Book Number 9781311630 :
040 ## - CATALOGING SOURCE
Original cataloging agency KABU
Transcribing agency KABU
245 10 - TITLE STATEMENT
Title DNA Marker-assisted improvement of the staple crops of Sub-Saharan Africa /
Statement of responsibility, etc. edited by Jonathan H. Crouch and Abdou Tenkouano.
250 ## - EDITION STATEMENT
Edition statement 1st ed.
260 ## - PUBLICATION, DISTRIBUTION, ETC. (IMPRINT)
Place of publication, distribution, etc. Ibadan :
Name of publisher, distributor, etc. IITA,
Date of publication, distribution, etc. 1999.
300 ## - PHYSICAL DESCRIPTION
Extent x, 230 p.
650 #0 - SUBJECT ADDED ENTRY--TOPICAL TERM
Topical term or geographic name as entry element Crops
General subdivision Genetic engineering.
-- 0000178121
700 1# - ADDED ENTRY--PERSONAL NAME
Personal name Tenkouano, Abdou.
-- 0000178213
852 1# - LOCATION
-- p300 KES
908 ## - PUT COMMAND PARAMETER (RLIN)
Put command parameter 100704
950 ## - LOCAL HOLDINGS (RLIN)
-- 1
Holdings
Withdrawn status Lost status Source of classification or shelving scheme Not for loan Home library Current library Date acquired Total Checkouts Full call number Barcode Date last seen Price effective from Koha item type
    Library of Congress Classification   Kabarak, Main Campus Kabarak, Main Campus 17/12/2015   SB189.53 .D53 1999 c. 1 24722 17/12/2015 17/12/2015 Africana Collection